00522nam a2200157Ia 4500008004100000040001100041050001400052100001800066245013000084260005400214300001800268490003200286500001800318650001100336999001700347100515 1961 a er 001 0 fre|d aABU,Za aQK 422.G2 aAubreville, A 0aFlore du gabonbpubliee sous les auspices du gouvernement de la republique du gabon et sous la direction de/cby A Aubreville aParisbMuseum national d;histoire naturellec1961 axi,342p.: ill aN.Halle sterculiacees no .2 aInclude index aBotany c58007d58007